000 00857nam a2200217Ia 4500
999 _c49743
_d49743
001 16678
003 GE_BSU
005 20221222123239.0
008 181216s1963ge xx |||||||||||||| ||geo||
040 _cGE_BSU
041 _ageo
080 _a821.161.1-31ტ-67
100 _aტოლსტოი, ა.
_916524
245 _aპეტრე პირველი.რომანი 3 წიგნად.
_b წ. 2-3 /
_cა. ტოლსტოი ; მთარგმნ : გ. კარბელაშვილი.
264 _aთბილისი :
_bსაბჭ. საქართველო,
_c1963.
300 _a520 გვ.:
_b22 სმ.
653 _aპეტრე პირველი
653 _aრომანი
700 _aკარბელაშვილი, გ
_eმთარგმნელი
_916525
942 _cBK
_2udc